| 000 | 02107 a2200205 4500 | ||
|---|---|---|---|
| 001 | 28416 | ||
| 005 | 20260407155556.0 | ||
| 008 | 260407a1990 arg spa d | ||
| 003 | AR-UNSa-BCEJYS | ||
| 040 |
_aAR-UNSa-BCEJYS _bspa _cAR-UNSa-BCEJYS |
||
| 080 |
_a347.44 _xContratos en general. Obligaciones |
||
| 245 | 1 | 0 |
_aContratos civiles y comerciales _pPartes general y especial. Figuras contractuales modernas |
| 020 | _a950-508-320-3 | ||
| 264 | 1 |
_aBuenos Aires : _bAstrea _c1990 |
|
| 300 |
_axlvii, 647 p. _c20 cm. |
||
| 505 | _a1. Punto de partida metodológico para el estudio del contrato - 2. Presupuestos del contrato - 3. El contrato - 4. La causa de los contratos - 5. El objeto - 6. Consentimiento - 7. Forma de los contratos - 8. La prueba de los contratos - 9. Causas que afectan los elementos estructurales del contrato - 10. intrepretación del contrato - 11. efectos de los contratos - 12. extinción de los contratos - 13. Carecterización de los contratos para su clasificación - 14. Equivalencia e inequivalencia de los contratos. Lesión subjetiva-objetiva. Imprevisión - 15. Frustración del contrato por decisión voluntaria. Señal o arras. El pacto comisorio - 16. Los efectos poscumplimiento. Garantía de evicción y vicios redhibitorios - 17. La caracterización contractual - 18. Contrato de transferencias de bienes - 19. Contrato de locación - 20. Contrato de transferencia de tenencia - 21. Contrato de sociedad - 22. Contrato de juego y apuesta - 23. Contrato de fianza - 24. Contrato de representación - 25. Hipercentro de consumo. Franchising y otros institutos - 26. Joint venturas - 27. Factoring - 28. Underwriting - 29. Ahorro previo - 30. Prestación medica prepaga - 31. Seguro de retiro - 32. Contratos de prestación profesional - 33. Contratos de fines recreativos - 34. Producción de obra discográfica, cinematográfica y televisiva - 35. Garaje, estacionamiento y parquímetro - 36. Contratos informáticos - 37. Tarjeta de crédito - 38. Transporte | ||
| 942 | _cBK | ||
| 590 | _aniveau_biblio:m niveau_hierar:0 | ||
| 100 | 1 | _aGhersi, Carlos Alberto | |
| 999 |
_c1713 _d1713 |
||